El desafío de la colaboración: cómo las organizaciones sin fines de lucro y las empresas comerciales alcanzan el éxito mediante alianzas estratégicas

Gespeichert in:
Bibliographische Detailangaben
1. Verfasser: Austin, James E (VerfasserIn)
Format: Buch
Sprache:Spanisch
Veröffentlicht: Buenos Aires Granica 2003
Schriftenreihe:Management
Schlagworte:
Tags: Tag hinzufügen
Keine Tags, Fügen Sie den ersten Tag hinzu!

MARC

LEADER 00000nam a2200000 a 4500
001 UCL4613
003 CL-VaPUC
008 040123e20030000AG |||||||||||||||||spa|d
020 |a 9506413916 
082 0 4 |a 658.046  |b AUS  |2 21 
100 0 |a Austin, James E  |e author  |9 482227 
245 1 3 |a El desafío de la colaboración: cómo las organizaciones sin fines de lucro y las empresas comerciales alcanzan el éxito mediante alianzas estratégicas 
300 |a 260 p 
942 |c BK 
945 |d 20040123 00:00:00  |a cmena 
260 |a Buenos Aires  |b Granica  |c 2003 
650 0 |a Alianzas  |9 349596 
650 0 |a Planificación estratégica   |9 259735 
650 7 |a COOPERATIVISMO  |2 CL-VaPUC  |9 311346 
583 |a last modification  |c 20040123 00:00:00  |k Rodrigo Vera 
490 0 |a Management 
999 |c 307432  |d 307430 
952 |0 0  |1 0  |4 0  |6 658_046000000000000_AUS_2003  |7 0  |8 A  |9 373393  |a BIBING  |b BIBING  |d 2019-11-21  |i 3982602  |o 658.046 AUS 2003  |p 3982602  |r 2025-01-20  |w 2019-11-21  |y BK  |k EII 
952 |0 0  |1 0  |4 0  |6 658_046000000000000_AUS_2003  |7 0  |8 A  |9 373394  |a BIBING  |b BIBING  |d 2019-11-21  |i 3984648  |o 658.046 AUS 2003  |p 3984648  |r 2025-01-20  |w 2019-11-21  |y BK  |k EII